Central Library OPAC University of Rajshahi
Normal view MARC view

Entry Personal Name

Number of records used in: 2

001 - CONTROL NUMBER

  • control field: 17732

003 - CONTROL NUMBER IDENTIFIER

  • control field: BD-RjUL

005 - DATE AND TIME OF LATEST TRANSACTION

  • control field: 20260217122156.0

008 - FIXED-LENGTH DATA ELEMENTS

  • fixed length control field: 260217|| aca||aabn | a|a d

040 ## - CATALOGING SOURCE

  • Original cataloging agency: BD-RjUL
  • Transcribing agency: BD-RjUL

100 ## - HEADING--PERSONAL NAME

  • Personal name: Miller, Robert D

670 ## - SOURCE DATA FOUND

  • Source citation: Work cat.: (BD-RjUL)86181: Miller, J. N. (James N.), 1943- 17729, Statistics and chemometrics for analytical chemistry /, 2018